000 00643nam a2200193 i 4500
001 77517
003 ES-MaACL
005 20240522063035.0
007 t|
008 931025s1884 sp |||| |cspa d
100 0 _aDe Amicis, Edmondo,
_d1846-1908
_943032
245 1 0 _aRetratos literarios /
_c[Amicis] ; trad. del italiano por H. Giner de los Ríos.
260 _aMadrid :
_bEmilio Guijosa y Gómez,
_c1884 (
_fImp. de A. J. Alaria)
300 _a[8], 313, [14] p. ;
_c19 cm.
650 4 _aBiografías.
_910574
700 1 _aGiner de los Ríos, Hermenegildo.
_957125
852 _aES-MaACL
_jD-2105
999 _c77517
_d77517